00464cam a2200157 4500001001100000008004100011035001500052050002600067100002600093245004400119260005000163300002100213440003400234500001200268650002600280BFIL012901 1906 spa  aBFIL012901 4aPQ7797b.P24 A56 19061 aPagano, José León 0aAlmas que luchan /cJose León Pagano. aBarcelona :bLibreria de Antonio Lopez,c1906 a108 p. ;c20 cm. 0aTeatro Antiguo y Moderno ; 35 a1 ejem. 4aLiteratura Española